Il diritto giustinianeo fra tradizione classica e innovazione: atti del convegno
Saved in:
| 主要作者: | |
|---|---|
| 格式: | 圖書 |
| 語言: | 意大利语 |
| 出版: |
Turín
G. Giappichelli
2003
|
| 叢編: | Serie I Giuridica, 65
|
| 主題: | |
| 標簽: |
添加標簽
沒有標簽, 成為第一個標記此記錄!
|
MARC
| LEADER | 00000nam a2200000 a 4500 | ||
|---|---|---|---|
| 001 | UCK1114 | ||
| 003 | CL-VaPUC | ||
| 005 | 20220111074323.0 | ||
| 008 | 041105e20030000it 1 ita d | ||
| 020 | |a 8834833279 | ||
| 082 | 0 | 4 | |a 340.54 |b BOT |2 21 |
| 100 | 1 | |a Botta, Fabio |e author |9 620643 | |
| 245 | 1 | 3 | |a Il diritto giustinianeo fra tradizione classica e innovazione: atti del convegno |
| 260 | |a Turín |b G. Giappichelli |c 2003 | ||
| 300 | |a 331 p | ||
| 490 | 0 | |a Serie I Giuridica, 65 | |
| 583 | |a last modification |c 20190823 10:31:29 |k Rodrigo Vera | ||
| 650 | 0 | 0 | |a Derecho romano |9 255930 |
| 650 | 0 | 0 | |a Derecho justiniano |9 397596 |
| 650 | 0 | 0 | |a Historia del derecho |9 255109 |
| 942 | |c BK | ||
| 945 | |a cmena |d 20041105 00:00:00 | ||
| 546 | |a En Italiano | ||
| 536 | |a Università di Cagliari | ||
| 518 | |p Convegno In Diritto Giustinianeo fra Tradizione Classica e Innovazione, 1, Cagliari, 13-14 ottobre 2000 | ||
| 999 | |c 384080 |d 384078 | ||
| 952 | |0 0 |1 0 |4 0 |6 340_540000000000000_BOT_2003 |7 0 |8 A |9 506519 |a BIBDER |b BIBDER |d 2020-01-23 |i 406500K |o 340.54 BOT 2003 |p 406500K |r 2023-01-25 |w 2020-01-23 |y BK |k DER | ||
| 952 | |0 0 |1 0 |4 0 |6 340_540000000000000_BOT_2003 |7 0 |8 DER_ROM |9 506520 |a BIBDER |b BIBDER |d 2020-01-23 |i 4105850 |l 1 |o 340.54 BOT 2003 |p 4105850 |r 2023-01-25 |s 2020-03-17 |w 2020-01-23 |x Ubicación 4to piso |y BK |z Este recurso debe solicitarse con anticipación |k DER | ||